| 000 | 00000nam##2200000za#4500 |
| 001 | 9.572039 |
| 003 | CaOODSP |
| 005 | 20250129103331 |
| 007 | cr ||||||||||| |
| 008 | 150406|2006||||xxc|||||o f|0| 0 eng|d |
| 040 | |aCaOODSP|beng |
| 043 | |an-cn--- |
| 086 | 1 |aEn57-41/7-2006E-PDF |
| 110 | 2 |aMeteorological Service of Canada. |
| 245 | 10|aAtmospheric influences on the sugar maple industry in North America / |h[electronic resource]|cby Don C. MacIver ... [et al.]. |
| 260 | |aToronto - Ontario : |bEnvironment Canada. |c2006. |
| 300 | |a23p.|bfigs. (some coloured), references |
| 490 | 1 |aOccasional paper|v7 |
| 590 | |a11-24-Supp|b2011-10-24 |
| 720 | 1 |aMacIver, Don C. |
| 830 | #0|aOccasional paper (Canada. Industry Canada)|v7|w(CaOODSP)9.506650 |
| 856 | 40|ahttp://publications.gc.ca|qPDF|s1587 KB|uhttps://publications.gc.ca/collections/collection_2011/ec/En57-41-7-2006-eng.pdf|y7 |